| 000 | 01112njm a22002657a 4500 | ||
|---|---|---|---|
| 005 | 20100903154914.0 | ||
| 006 | a|||||r|||||00| 0 | ||
| 007 | sd ammalaaahaa | ||
| 008 | 100903t xxu||||| |||| 00| 0 eng d | ||
| 028 |
_aN. 52603 _bHis Master's Voice |
||
| 035 | _aGR-464 | ||
| 040 |
_aSED _cSED |
||
| 100 | _917690 | ||
| 245 |
_aHindustani Yahudi / _cmusic by Shanker Jaikishan; lyric by Shailendra _h[Sound Recording] : |
||
| 246 | _aहिन्दुस्तानी यहूदी / | ||
| 260 |
_aDum Dum India _bHindusthan Record |
||
| 300 |
_a1 sound disc (Gramophone Recording) _banalog 33 1/3 rpm _c9.5 in. (MP) _fGramophone Record |
||
| 500 | _aBrief Record | ||
| 505 | _aSide1- आते जाते (Aate Jaate) (Lata Mangeshkar) -- Side 2- ये मेरा दीवानापन हैं (Ye Mera Deewanapan Hain) (Mukesh). | ||
| 650 |
_aHindustani Classical Music _xExcerpts _zIndia _917691 |
||
| 700 |
_aJaikishan, Shanker _918156 |
||
| 700 |
_aShailendra _918157 |
||
| 942 |
_2ddc _cGR |
||
| 999 |
_c43653 _d43653 |
||